Rihanna - Statistiques

Statistiques générales
  • Ce quiz a été pris 228 fois
  • Le résultat moyen est 25 sur 50
Statistiques - réponses
Date Album % Correct
De quel pays Rihanna vient-elle ? Barbade
91%
Durant quel grand évènement, Rihanna s'est produite sur scène et a annoncé sa grossesse en 2023 ? Super Bowl
79%
Comment s'appelle sa marque de cosmétiques lancée en septembre 2017 ? Fenty Beauty
74%
Avec quel chanteur Rihanna a été en couple en 2008 et l'a agressé lui causant de sérieuses blessures ? Chris Brown
73%
Avec qui Rihanna interprète-t-elle le titre "Work" ? Drake
72%
En quelle année Rihanna devient la chanteuse la plus riche du monde ? 2019
71%
Depuis 2020, avec quel rappeur Rihanna est en couple et a eu 2 enfants avec lui ? A$AP Rocky
71%
Finit le titre de cette chanson : "Where Have You..." Been
71%
Finit le titre de cette chanson : "Bitch Better Have My..." Money
70%
Finit le titre de cette chanson : "Pon de..." Replay
69%
Pour quel film de 2022, Rihanna interprète "Lift Me Up", bande originale du film ? Black Panther: Wakanda Forever
68%
Avec qui Rihanna interprète-t-elle le titre "Umbrella" ? Jay-Z
68%
Finit le titre de cette chanson : "What's My..." Name?
66%
2016 Anti
65%
Finit le titre de cette chanson : "Love On The..." Brain
65%
Avec qui Rihanna interprète-t-elle le titre "This Is What You Came For" ? Calvin Harris
65%
Avec qui Rihanna interprète-t-elle le titre "The Monster" ? Eminem
64%
Finit le titre de cette chanson : "Russian..." Roulette
64%
En quelle année est-elle élevé au rang de Héros national dans ce pays ? 2021
61%
Quel titre de Rihanna de 2012 compte le plus de vues de sa carrière avec 2,3 milliards de vues sur YouTube ? Diamonds
61%
Avec qui Rihanna interprète-t-elle le titre "Wild Thoughts" ? DJ Khaled/Bryson Tiller
61%
Avec qui Rihanna interprète-t-elle le titre "Can't Remember to Forget You" ? Shakira
61%
Quel titre de Rihanna de 2015 a été acclamé par la presse musicale avec sa collaboration entre Kanye West et Paul McCartney ? FourFiveSeconds
58%
Avec qui Rihanna interprète-t-elle le titre "Who's That Chick?" ? David Guetta
55%
Finit le titre de cette chanson : "You Da..." One
55%
Quel titre de Rihanna de 2011 a été censuré à sa sortie par plus de 11 pays considérant le clip à caractère sexuel et sadomasochistes ? S&M
52%
2010 Loud
51%
Avec qui Rihanna interprète-t-elle le titre "Princess of China" ? Coldplay
47%
Avec qui Rihanna interprète-t-elle le titre "Loveeeeeee Song" Future
45%
2005 Music of the Sun
45%
Avec qui Rihanna interprète-t-elle le titre "Consideration" ? SZA
44%
2012 Unapologetic
44%
Quel titre de Rihanna utilise un échantillonnage de la partition vocale de "Wanna Be Startin' Somethin'" de Michael Jackson ? Don't Stop the Music
43%
2007 Good Girl Gone Bad
43%
2009 Rated R
43%
2011 Talk That Talk
40%
Avec qui Rihanna interprète-t-elle le titre "BELIEVE IT" ? PARTYNEXTDOOR
39%
2006 A Girl Like Me
36%
Quel titre de Rihanna sortie en 2006 est le premier à se classer à la première place au Billboard Hot 100 ? SOS
35%
Comment s'appellera le nouvel album de Rihanna, attendue avec grande impatience par les fans ? R9
34%
Avec qui Rihanna interprète-t-elle le titre "Live Your Life" ? T.I.
33%
Finit le titre de cette chanson : "If It's Lovin' That You..." Want
32%
Cite-moi une chanson récompensée aux Grammy Awards pas citée dans ce quiz : Run This Town/Only Girl/All Of The Lights/Loyalty/We Found Love
30%
Avec qui Rihanna interprète-t-elle le titre "Stay" ? Mikky Ekko
29%
Avec qui Rihanna interprète-t-elle le titre "Break It Off" ? Sean Paul
24%
Avec qui Rihanna interprète-t-elle le titre "Lemon" ? N.E.R.D/Pharrell Williams
21%
Quelle actrice et mannequin française a tourné dans le clip de "Te Amo" avec Rihanna en 2010 ? Laetitia Casta
16%
Avec qui Rihanna interprète-t-elle le titre "If I Never See Your Face Again" ? Maroon 5
16%
Avec qui Rihanna interprète-t-elle le titre "Photographs" ? will.i.am
16%
Quel titre de Rihanna a été utilisé comme bande originale du film d'animation Disney, "Les Mondes de Ralph" ? Shut Up and Drive
10%
Aucun quiz correspondant
Distribution des résultats
% des personnes avec chaque résultat
Percentile par nombre de réponses
Votre historique - résultats
Vous n’avez pas pris ce quiz